Bundesländer nach Bevölkerung - Whammies - Statistiken

Allgemein
  • Dieses Quiz wurde 1.110 mal gespielt
    215 seit der letzten Aktualisierung
  • Das Durchschnittsergebnis liegt bei 8 aus 16
Antwortstatistiken
Einwohnerzahl Bundesland % Korrekt
18.017.520 Nordrhein-Westfalen
98%
13.176.426 Bayern
94%
11.230.740 Baden-Württemberg
85%
8.008.135 Niedersachsen
71%
702.655 Bremen
66%
3.662.381 Berlin
59%
6.267.546 Hessen
57%
1.014.047 Saarland
54%
1.851.596 Hamburg
44%
4.054.689 Sachsen
44%
4.125.163 Rheinland-Pfalz
43%
1.578.041 Mecklenburg-Vorpommern
27%
2.953.202 Schleswig-Holstein
20%
2.114.870 Thüringen
15%
2.554.464 Brandenburg
14%
2.144.570 Sachsen-Anhalt
10%
Keine übereinstimmenden Quizze gefunden
Verteilung der Resultate
Anzahl Personen mit jedem Resultat
Perzentil nach korrekt beantworteten Fragen
Ihre Resultats-Entwicklung
Sie haben dieses Quiz seit der letzten Aktualisierung nicht gespielt